000 00893nam a2200289Ia 4500
005 20260324115258.0
008 008 260324s9999 xx 000 0 eng d
020 _a9781351217064
037 _aEBOOK
040 _aCRL
040 _beng
040 _cCRL
041 _2eng
041 _aeng
084 _qCRL
100 _aSuwarsih Madya; Fuad Hamied; Willy A. Renandya; Christine Coombe; Yazid Basthomi
_91154053
245 0 _aELT in Asia in the Digital Era: Global Citizenship and Identity
245 0 _bProceedings of the 15th Asia TEFL and 64th TEFLIN International Conference on English Language Teaching, July 13-15, 2017, Yogyakarta, Indonesia
260 _bTaylor and Francis
260 _c2018
365 _a
365 _b400
856 _uhttp://www.taylorfrancis.com/books/9781351217064
942 _cEBOOK
999 _c1744815
_d1744815